| 000 | 00562nam a2200181Ia 4500 | ||
|---|---|---|---|
| 999 |
_c37280 _d37280 |
||
| 003 | OSt | ||
| 005 | 20201013153029.0 | ||
| 008 | 190216s9999||||xx |||||||||||||| ||und|| | ||
| 020 | _a9788120720510 | ||
| 040 | _coclc | ||
| 082 |
_a338.4791076 _bSET/I |
||
| 100 |
_aSeth, Pran Nath _95652 |
||
| 245 | 3 |
_aAn Introduction To Travel And Tourism / _cPran Nath Seth ; Sushma Seth Bhat |
|
| 250 | _a2nd Ed. | ||
| 260 |
_bSterling Publications, _c1995. _aNew Delhi: |
||
| 300 | _a185p | ||
| 942 |
_cBK _2ddc _h338.4791076 _iSET/I _k338.4791076 _mSET/I |
||